000 00496nad a22001811nc4500
001 a987667918+Band3
003 RU-10907106
005 20221125124703.0
008 181217s2014 gw |||| 000u ger d
020 _a9783835314269
_9978-3-8353-1426-9
035 _aa987667918
040 _cRU-10907106
_aRU-10907106
_bger
245 0 0 _aTagebücher
_nBand 3
_p1898-1904
264 1 _aGöttingen :
_bWallstein Verlag,
_c2014
300 _a894 Seiten
773 0 8 _wa987667918
_qBand3
942 _cMG
_2z
999 _c52454
_d52454